[Event "4NCL Online Division 5"]
[Site "online"]
[Date "2022.01.25"]
[EventDate "2022.01.25"]
[Round "1.63"]
[White "Newman, Martin E"]
[WhiteElo "1613"]
[WhiteTeam "Bromley"]
[Black "Mullins, Steven A"]
[BlackElo "1323"]
[BlackTeam "Deaf England 2"]
[Result "1-0"]
[PlyCount "49"]

1. e4 e6 2. d4 d5 3. Nc3 Nc6 4. Nce2 Nb8 5. c3 c5 6. e5 Nc6 7. Nf3 Qb6 8. a3 Bd7 9. Ng5 cxd4 10. cxd4 Be7 11. b4 Rc8 12. g3 Nh6 13. Bh3 O-O 14. O-O Qd8 15. f4 a6 16. Qd3 g6 17. Nf3 Na7 18. g4 Bb5 19. Qd2 Rc6 20. f5 Bxe2 21. Qxe2 Kg7 22. f6+ Bxf6 23. exf6+ Qxf6 24. Bxh6+ Kxh6 25. g5+ 1-0

[Event "4NCL Online Division 5"]
[Site "online"]
[Date "2022.01.25"]
[EventDate "2022.01.25"]
[Round "1.64"]
[White "Masterson, Desmond"]
[WhiteElo "1001"]
[WhiteTeam "Deaf England 2"]
[Black "Harrison, Tommy"]
[BlackElo "1450"]
[BlackTeam "Bromley"]
[Result "0-1"]
[PlyCount "58"]

1. e4 d5 2. exd5 Qxd5 3. Nc3 Qa5 4. Nf3 Bg4 5. Be2 Nf6 6. a3 e6 7. O-O Bd6 8. d4 O-O 9. Nb5 a6 10. Nxd6 cxd6 11. b4 Qc7 12. c4 b5 13. cxb5 axb5 14. Bxb5 Qb7 15. Be2 Nd5 16. Ng5 Nc3 17. Qc2 Nxe2+ 18. Kh1 g6 19. f3 Nxd4 20. Qc3 Nb5 21. Qf6 Nd7 22. Qf4 Bf5 23. Bb2 e5 24. Qh4 Nf6 25. Ne4 Nxe4 26. fxe4 Bxe4 27. Rf2 Rfc8 28. Re1 Bxg2+ 29. Rxg2 Rc2 0-1

[Event "4NCL Online Division 5"]
[Site "online"]
[Date "2022.01.25"]
[EventDate "2022.01.25"]
[Round "1.72"]
[White "Feeley, Joe"]
[WhiteElo "1500"]
[WhiteTeam "Stroud Middlies"]
[Black "Arora, Aarna"]
[BlackElo "1292"]
[BlackTeam "Barnet Knights D"]
[Result "0-1"]
[PlyCount "140"]

1. d4 Nf6 2. Bf4 e6 3. e3 b6 4. Nf3 Bb7 5. Nbd2 d6 6. Be2 Nbd7 7. O-O Be7 8. c4 O-O 9. Rc1 Nh5 10. d5 Nxf4 11. exf4 exd5 12. cxd5 Bxd5 13. b3 Nc5 14. Qc2 Bf6 15. Ng5 Bxg5 16. fxg5 Qxg5 17. Nf3 Qe7 18. Rfe1 Qd7 19. Ng5 f5 20. Rcd1 Be4 21. Qd2 Qc6 22. Nxe4 Nxe4 23. Bc4+ Kh8 24. Qf4 Qd7 25. f3 Nc3 26. Be6 Qd8 27. Rd2 a5 28. Bxf5 Qf6 29. Qc4 Qxf5 30. Qxc3 Qc5+ 31. Qd4 Qxd4+ 32. Rxd4 Rfe8 33. Rc1 Re7 34. g4 Rae8 35. Kg2 Re2+ 36. Kg3 R2e7 37. h4 g6 38. Rf4 Kg7 39. g5 c5 40. Rf6 Re6 41. Rxe6 Rxe6 42. Rc2 d5 43. f4 d4 44. a3 d3 45. Rd2 Rd6 46. Kf3 Kf7 47. Ke4 Ke6 48. Rxd3 Rxd3 49. Kxd3 Kf5 50. Kc4 Kxf4 51. Kb5 Kg4 52. Kxb6 Kxh4 53. Kxa5 Kxg5 54. Kb5 h5 55. a4 h4 56. a5 h3 57. a6 h2 58. a7 h1=Q 59. Kxc5 Qa8 60. Kb6 Kf5 61. b4 g5 62. b5 g4 63. Ka6 g3 64. b6 Qc6 65. Ka5 Qb7 66. Kb5 g2 67. a8=Q Qxa8 68. b7 Qxb7+ 69. Ka5 g1=Q 70. Ka4 Qa1# 0-1

[Event "4NCL Online Division 5"]
[Site "online"]
[Date "2022.01.25"]
[EventDate "2022.01.25"]
[Round "1.73"]
[White "Rowland, Benjamin"]
[WhiteElo "1112"]
[WhiteTeam "Barnet Knights D"]
[Black "Markey, Kevin D"]
[BlackElo "1447"]
[BlackTeam "Stroud Middlies"]
[Result "0-1"]
[PlyCount "58"]

1. e4 c5 2. c3 d5 3. e5 Nc6 4. d4 Bf5 5. Bb5 e6 6. Nf3 Ne7 7. Bd3 cxd4 8. cxd4 Qb6 9. Nc3 a6 10. Be2 Bg6 11. Rb1 Bxb1 12. Nxb1 Nf5 13. O-O Ncxd4 14. Nxd4 Qxd4 15. Qxd4 Nxd4 16. Bd3 Be7 17. Nc3 O-O 18. Bf4 b5 19. b3 Bb4 20. Nd1 Rfc8 21. Bg3 Nc2 22. f4 Bc5+ 23. Bf2 Bxf2+ 24. Rxf2 Nb4 25. Bf1 Rc2 26. Rxc2 Nxc2 27. Bd3 Nb4 28. Bb1 Rc8 29. a3 Rc1 0-1

[Event "4NCL Online Division 5"]
[Site "online"]
[Date "2022.01.25"]
[EventDate "2022.01.25"]
[Round "1.74"]
[White "Southcott, Vince"]
[WhiteElo "1377"]
[WhiteTeam "Stroud Middlies"]
[Black "Parikh, Yashvi"]
[BlackElo "1193"]
[BlackTeam "Barnet Knights D"]
[Result "1-0"]
[PlyCount "117"]

1. d4 d5 2. c4 c6 3. Nc3 Nf6 4. Bf4 Nbd7 5. e3 e6 6. Nf3 c5 7. Bd3 b6 8. O-O Be7 9. Re1 O-O 10. e4 e5 11. dxe5 dxe4 12. exf6 Bxf6 13. Rxe4 Bb7 14. Re1 Rc8 15. Qc2 g6 16. Rad1 Bg7 17. Be4 Bxe4 18. Rxe4 Nf6 19. Rxd8 Rcxd8 20. Re1 Rfe8 21. Rxe8+ Rxe8 22. h3 Nh5 23. Qd2 a5 24. Bc7 Re6 25. Nd5 Nf6 26. Bxb6 Nxd5 27. cxd5 Rxb6 28. d6 Rxb2 29. Qxa5 Rb8 30. Qxc5 Rd8 31. Qc7 Bf6 32. Nd4 Ra8 33. d7 Rd8 34. Nc6 Ra8 35. Qc8+ Rxc8 36. dxc8=Q+ Kg7 37. a4 Kh6 38. a5 g5 39. a6 Kg6 40. g4 h5 41. gxh5+ Kxh5 42. a7 Kg6 43. Qg4 Bc3 44. a8=R Bb2 45. Rg8+ Bg7 46. Rxg7+ Kxg7 47. Qxg5+ Kf8 48. h4 Ke8 49. h5 Kf8 50. h6 Ke8 51. h7 Kd7 52. Ne5+ Ke6 53. Nxf7 Kxf7 54. h8=R Ke6 55. Rh6+ Kf7 56. Qa5 Kg7 57. Rb6 Kf7 58. Qa7+ Ke8 59. Rb8# 1-0

[Event "4NCL Online Division 5"]
[Site "online"]
[Date "2022.01.25"]
[EventDate "2022.01.25"]
[Round "1.81"]
[White "Qiu, Calvin"]
[WhiteElo "1029"]
[WhiteTeam "MHJ Knights"]
[Black "Peacock, Christopher D"]
[BlackElo "1491"]
[BlackTeam "Wessex Some Stars H"]
[Result "0-1"]
[PlyCount "94"]

1. e4 e6 2. d4 d5 3. e5 c5 4. c3 Nc6 5. Nf3 Qb6 6. Be2 Bd7 7. O-O O-O-O 8. b3 Nh6 9. Bb2 Be7 10. h3 Kb8 11. Na3 f5 12. Nh2 Nf7 13. f4 g5 14. fxg5 Nxg5 15. Nc2 Rdg8 16. Bc1 Nxh3+ 17. Kh1 Ng5 18. Nf3 Ne4 19. dxc5 Ng3+ 20. Kg1 Bxc5+ 21. Nfd4 Nxe2+ 22. Qxe2 Nxd4 23. Nxd4 Bxd4+ 24. cxd4 Qxd4+ 25. Be3 Qh4 26. Bf2 Qe7 27. Rac1 Rc8 28. Qe3 b6 29. a4 Rxc1 30. Rxc1 Rc8 31. Ra1 Qd8 32. a5 Kb7 33. axb6 axb6 34. Qd3 Ra8 35. Rc1 Rc8 36. Ra1 Ra8 37. Rc1 Bc6 38. Qc3 Rc8 39. Qb4 d4 40. Rd1 Qd5 41. Kf1 Qxg2+ 42. Ke2 Bf3+ 43. Kd3 Be4+ 44. Ke2 Rc2+ 45. Rd2 Qf3+ 46. Ke1 Rc1+ 47. Rd1 Rxd1# 0-1

[Event "4NCL Online Division 5"]
[Site "online"]
[Date "2022.01.25"]
[EventDate "2022.01.25"]
[Round "1.82"]
[White "McCullagh, Tim"]
[WhiteElo "1363"]
[WhiteTeam "Wessex Some Stars H"]
[Black "Groshong, William"]
[BlackElo "895"]
[BlackTeam "MHJ Knights"]
[Result "1-0"]
[PlyCount "83"]

1. d4 d5 2. e4 e6 3. Be3 dxe4 4. Nd2 Nf6 5. f3 exf3 6. Ngxf3 Nc6 7. c3 Bd7 8. Bd3 Nd5 9. Qe2 Be7 10. O-O Nf6 11. h3 h6 12. Qf2 Nd5 13. Ne5 Nxe5 14. dxe5 f6 15. Bg6+ Kf8 16. exf6 Bxf6 17. Ne4 Bb5 18. Rfd1 b6 19. Rac1 Be8 20. Bxe8 Qxe8 21. Rxd5 exd5 22. Nxf6 Qf7 23. Nxd5 Qxf2+ 24. Bxf2 c6 25. Nf4 Kf7 26. Rd1 g5 27. Ne2 Rhe8 28. Kf1 Re7 29. Ng3 c5 30. Nf5 Re6 31. Rd7+ Kg6 32. g4 h5 33. b4 hxg4 34. hxg4 Re5 35. bxc5 bxc5 36. Rc7 Re4 37. Rc6+ Kf7 38. Nd6+ Ke7 39. Nxe4 Rg8 40. Bxc5+ Kd7 41. Ra6 Rf8+ 42. Bxf8 1-0

[Event "4NCL Online Division 5"]
[Site "online"]
[Date "2022.01.25"]
[EventDate "2022.01.25"]
[Round "1.83"]
[White "Bedretdinov, Rasul"]
[WhiteElo "935"]
[WhiteTeam "MHJ Knights"]
[Black "Spirling, Florence"]
[BlackElo "1109"]
[BlackTeam "Wessex Some Stars H"]
[Result "1/2-1/2"]
[PlyCount "138"]

1. e4 d5 2. exd5 Qxd5 3. Nc3 Qd8 4. d4 Nf6 5. Nf3 Bf5 6. Ne5 Nbd7 7. Qf3 Bxc2 8. Qxb7 Nxe5 9. dxe5 Nd7 10. Qf3 Nxe5 11. Qe3 Ng6 12. Be2 Bf5 13. O-O Bd7 14. Rd1 c6 15. Ne4 e6 16. Nc5 Bxc5 17. Qxc5 Qc7 18. Be3 Qe5 19. Qc2 f6 20. Bf3 Ne7 21. Qd2 Qc7 22. Bc5 Rd8 23. Qb4 Nd5 24. Qg4 Kf7 25. h3 Bc8 26. Qh5+ g6 27. Qh4 Kg7 28. Bd4 c5 29. Bxd5 cxd4 30. Bf3 e5 31. Rac1 Qe7 32. Be4 Be6 33. b3 Bd5 34. Rd2 Bxe4 35. Qxe4 Rc8 36. Rdc2 Rxc2 37. Rxc2 Rd8 38. Qe1 Rd7 39. Qa5 d3 40. Rd2 e4 41. Qc3 Kf8 42. Kh1 f5 43. a4 Rc7 44. Qh8+ Kf7 45. Qxh7+ Kf6 46. Qh4+ Kg7 47. Qf4 Rc3 48. Qe3 Rxb3 49. f3 Rb1+ 50. Kh2 Qd6+ 51. f4 Qd7 52. a5 Ra1 53. Qc5 Kf7 54. Qe5 Qe7 55. Qxa1 Qb4 56. Qa2+ Ke7 57. a6 Qd6 58. Qb2 Qxf4+ 59. g3 Qc7 60. Qg7+ Kd8 61. Qd4+ Ke8 62. Qh8+ Ke7 63. Qb2 Ke6 64. Qb3+ Kf6 65. Qb2+ Qe5 66. Qc1 Qe6 67. Qb2+ Qe5 68. Qc1 Qe6 69. Qb2+ Qe5 1/2-1/2

[Event "4NCL Online Division 5"]
[Site "online"]
[Date "2022.01.25"]
[EventDate "2022.01.25"]
[Round "1.84"]
[White "Wright, George A"]
[WhiteElo "1108"]
[WhiteTeam "Wessex Some Stars H"]
[Black "Haga, Xander"]
[BlackElo "857"]
[BlackTeam "MHJ Knights"]
[Result "1-0"]
[PlyCount "49"]

1. b3 e5 2. Bb2 Nc6 3. e3 d5 4. Bb5 Bd6 5. c4 Be6 6. Nf3 f6 7. Nc3 Bc5 8. d4 exd4 9. exd4 Bb4 10. O-O a6 11. Bxc6+ bxc6 12. Qe2 Qd6 13. c5 Qd7 14. Nd1 Ne7 15. a3 Ba5 16. b4 Bb6 17. cxb6 cxb6 18. Nc3 O-O 19. Na4 Rfb8 20. Rfe1 Kf7 21. Bc1 b5 22. Nc5 Qd6 23. Nxe6 Re8 24. Nh4 Nc8 25. Ng5+ 1-0

[Event "4NCL Online Division 5"]
[Site "online"]
[Date "2022.01.25"]
[EventDate "2022.01.25"]
[Round "1.91"]
[White "Cule, Jurica"]
[WhiteElo "1547"]
[WhiteTeam "Guildford Castles 3"]
[Black "Marchettini, Cristiano"]
[BlackElo "1502"]
[BlackTeam "Catford Candidates"]
[Result "0-1"]
[PlyCount "61"]

1. d4 d5 2. Nf3 Nf6 3. g3 Bg4 4. Bg2 e6 5. O-O Nbd7 6. Nbd2 Be7 7. b3 O-O 8. Bb2 c6 9. c4 Re8 10. Qc2 Bf5 11. Qc1 Ne4 12. Nxe4 Bxe4 13. c5 b6 14. b4 a5 15. a3 axb4 16. axb4 Rxa1 17. Bxa1 Qa8 18. Nd2 Bxg2 19. Kxg2 Qa4 20. Bc3 bxc5 21. bxc5 Qb5 22. e3 Qe2 23. Qd1 Qd3 24. Nb1 Qe4+ 25. Kg1 Nf6 26. Nd2 Qf5 27. Qf3 Qc2 28. Nb1 Ne4 29. Qd1 Qa2 30. Nd2 Nxc3 31. Qc1 0-1

[Event "4NCL Online Division 5"]
[Site "online"]
[Date "2022.01.25"]
[EventDate "2022.01.25"]
[Round "1.92"]
[White "Foreman, Anthony"]
[WhiteElo "1523"]
[WhiteTeam "Catford Candidates"]
[Black "Garrood, Anthony"]
[BlackElo "1526"]
[BlackTeam "Guildford Castles 3"]
[Result "1/2-1/2"]
[PlyCount "98"]

1. Nf3 d5 2. c4 dxc4 3. e4 Nc6 4. Bxc4 e5 5. h3 Bc5 6. O-O Nf6 7. d3 O-O 8. a3 Qe7 9. b4 Bb6 10. Nc3 Rd8 11. Nd5 Nxd5 12. Bxd5 Be6 13. Bg5 f6 14. Bxc6 bxc6 15. Be3 Qd6 16. Bxb6 cxb6 17. Qc2 Rac8 18. Rfd1 c5 19. b5 Qd7 20. a4 Qf7 21. Nd2 Qg6 22. Kh2 Qg5 23. Nf1 Rd4 24. Ne3 Rcd8 25. Rd2 Qf4+ 26. g3 Qh6 27. h4 c4 28. Nf5 Bxf5 29. exf5 cxd3 30. Qb3+ Kh8 31. Rad1 e4 32. f3 Qe3 33. fxe4 Qxe4 34. Qe6 Qd5 35. Re1 h6 36. Re3 Kh7 37. h5 Qc5 38. Kh3 Qc3 39. Qa2 Qc1 40. Kg2 Qc5 41. Qe6 Qa3 42. Qf7 Qxa4 43. Qg6+ Kh8 44. Re8+ Rxe8 45. Qxe8+ Kh7 46. Qg6+ Kh8 47. Qe8+ Kh7 48. Qg6+ Kh8 49. Qe8+ Kh7 1/2-1/2

[Event "4NCL Online Division 5"]
[Site "online"]
[Date "2022.01.25"]
[EventDate "2022.01.25"]
[Round "1.93"]
[White "Berry, Lawrence"]
[WhiteElo "1322"]
[WhiteTeam "Guildford Castles 3"]
[Black "Barber, James R"]
[BlackElo "1405"]
[BlackTeam "Catford Candidates"]
[Result "0-1"]
[PlyCount "80"]

1. d4 Nf6 2. Bf4 e6 3. e3 c5 4. c3 Nc6 5. Nf3 d5 6. Nbd2 Bd6 7. Ne5 Qc7 8. Ndf3 Nd7 9. Ng5 Ndxe5 10. dxe5 Bxe5 11. Qg4 h6 12. Nf3 Bxf4 13. exf4 O-O 14. Qh4 Bd7 15. Bd3 c4 16. Bc2 Rad8 17. O-O-O a5 18. Nd4 Nxd4 19. Rxd4 Ra8 20. g4 Qd8 21. g5 f5 22. gxf6 Qxf6 23. Qg3 b5 24. Rg1 b4 25. Qg6 Qxg6 26. Rxg6 bxc3 27. bxc3 Rfe8 28. f5 exf5 29. Rh4 Re1+ 30. Kb2 Rb8+ 31. Ka3 Rc1 32. Rhxh6 Rxc2 33. Rb6 Rxb6 34. Rxb6 Kf7 35. Ra6 Rxc3+ 36. Kb2 Rf3 37. Rxa5 Be6 38. Ra7+ Kf6 39. a4 d4 40. Ra6 Rxf2+ 0-1

[Event "4NCL Online Division 5"]
[Site "online"]
[Date "2022.01.25"]
[EventDate "2022.01.25"]
[Round "1.94"]
[White "Hillier, Stanley"]
[WhiteElo "1211"]
[WhiteTeam "Catford Candidates"]
[Black "Kelly, Adam"]
[BlackElo "896"]
[BlackTeam "Guildford Castles 3"]
[Result "0-1"]
[PlyCount "40"]

1. d4 Nf6 2. Bf4 d5 3. e3 c5 4. c3 Nc6 5. Nd2 Qb6 6. Rb1 Bf5 7. dxc5 Qd8 8. Ra1 e5 9. Bg5 Bxc5 10. Bxf6 Qxf6 11. g4 Bg6 12. Qb3 Qd6 13. Bg2 e4 14. Rd1 Qe6 15. f3 Bxe3 16. Qxb7 O-O 17. Qb5 Bxd2+ 18. Rxd2 exf3+ 19. Ne2 fxg2 20. Rg1 Be4 0-1

[Event "4NCL Online Division 5"]
[Site "online"]
[Date "2022.01.25"]
[EventDate "2022.01.25"]
[Round "1.101"]
[White "Balasundaram, Sivasatyan"]
[WhiteElo "1762"]
[WhiteTeam "Harrow Juniors 1"]
[Black "Warren, Archie"]
[BlackElo "1359"]
[BlackTeam "Farnham C"]
[Result "1-0"]
[PlyCount "69"]

1. c4 Nf6 2. Nc3 g6 3. e4 d6 4. d4 Bg7 5. Nf3 O-O 6. Be2 e5 7. d5 a5 8. O-O Na6 9. Be3 Ng4 10. Bg5 f6 11. Bd2 f5 12. Ne1 Nf6 13. f3 f4 14. Nd3 g5 15. a3 b6 16. b4 Rf7 17. Be1 Bf8 18. Bf2 Rg7 19. Na4 h5 20. c5 g4 21. Bh4 bxc5 22. bxc5 dxc5 23. Nxe5 Be7 24. Nc6 Qd7 25. fxg4 hxg4 26. Rxf4 Kh7 27. Bxf6 Bxf6 28. Rxf6 g3 29. h3 Qe8 30. e5 Qd7 31. Bxa6 Bxa6 32. Nxc5 Qe8 33. Nxa6 Rxa6 34. Qd3+ Kg8 35. Qxa6 1-0

[Event "4NCL Online Division 5"]
[Site "online"]
[Date "2022.01.25"]
[EventDate "2022.01.25"]
[Round "1.102"]
[White "Warnock, Oliver"]
[WhiteElo "1333"]
[WhiteTeam "Farnham C"]
[Black "Patel, Krrish"]
[BlackElo "1632"]
[BlackTeam "Harrow Juniors 1"]
[Result "0-1"]
[PlyCount "164"]

1. d4 Nf6 2. c4 g6 3. Nc3 Bg7 4. e4 d6 5. Nf3 Nbd7 6. Be2 b6 7. O-O Bb7 8. d5 O-O 9. Qc2 c5 10. Ne1 e5 11. f4 a6 12. fxe5 Nxe5 13. Bg5 h6 14. Bh4 g5 15. Bg3 Nfd7 16. Nf3 Nxf3+ 17. Rxf3 Ne5 18. Bxe5 Bxe5 19. Raf1 Bc8 20. Nd1 Bg4 21. Rd3 Bxe2 22. Qxe2 f6 23. Qh5 Kg7 24. Ne3 Rh8 25. Nf5+ Kf8 26. Nxh6 Ra7 27. Rh3 Rah7 28. Qg6 Qe7 29. Nf5 Qf7 30. Qxf7+ Kxf7 31. Rxh7+ Rxh7 32. h3 b5 33. b3 b4 34. Kf2 Rh8 35. Ke2 a5 36. Ne3 Ra8 37. Ng4 Kg6 38. Ne3 a4 39. Rb1 axb3 40. axb3 Ra2+ 41. Kf3 Bf4 42. Nf5 Be5 43. g3 Rc2 44. h4 Rc3+ 45. Kg4 gxh4 46. gxh4 Rc2 47. Rg1 Rh2 48. Ng3 Rb2 49. h5+ Kh7 50. Nf5 Rxb3 51. Kh4 Rb2 52. Rg7+ Kh8 53. h6 Rh2+ 54. Kg4 Rxh6 55. Rb7 Rg6+ 56. Kh5 Rg5+ 57. Kh6 Rg1 58. Rh7+ Kg8 59. Ne7+ Kf8 60. Ng6+ Ke8 61. Rh8+ Kd7 62. Rh7+ Kc8 63. Ne7+ Kb7 64. Nc6+ Kb6 65. Ra7 Ra1 66. Rxa1 Bxa1 67. Nxb4 cxb4 68. c5+ Kxc5 69. Kg6 b3 70. Kf5 Be5 71. Ke6 b2 72. Kf5 b1=Q 73. Ke6 Qb7 74. Kf5 Qd7+ 75. Kg6 Qg4+ 76. Kf7 f5 77. exf5 Qxf5+ 78. Ke7 Qf6+ 79. Kd7 Qf7+ 80. Kc8 Kb6 81. Kd8 Bf6+ 82. Kc8 Qc7# 0-1

[Event "4NCL Online Division 5"]
[Site "online"]
[Date "2022.01.25"]
[EventDate "2022.01.25"]
[Round "1.103"]
[White "Evans, Daniel"]
[WhiteElo "1560"]
[WhiteTeam "Harrow Juniors 1"]
[Black "Amos, Katherine"]
[BlackElo "1295"]
[BlackTeam "Farnham C"]
[Result "1-0"]
[PlyCount "81"]

1. e4 d5 2. exd5 Nf6 3. d4 Qxd5 4. c4 Qd8 5. Nc3 Nc6 6. Be3 Bf5 7. Nf3 Bg4 8. Be2 e6 9. h3 Bh5 10. Qd2 Bb4 11. a3 Bxc3 12. Qxc3 O-O 13. O-O-O a5 14. g4 Bg6 15. Ne5 Be4 16. f3 Bg6 17. Nxg6 fxg6 18. h4 Qe8 19. g5 Nh5 20. Rhg1 e5 21. d5 Na7 22. f4 exf4 23. Bxh5 fxe3 24. Bg4 Nc8 25. Rde1 Nd6 26. Rxe3 Qa4 27. Be6+ Kh8 28. h5 Qxc4 29. Qxc4 Nxc4 30. Rc3 Ne5 31. Rxc7 Nd3+ 32. Kd2 Ne5 33. Rg3 Nf3+ 34. Ke3 Ne5 35. Ke4 gxh5 36. Kxe5 Rab8 37. Rh3 g6 38. Rb3 Rf2 39. Rbxb7 Rxb7 40. Rc8+ Kg7 41. Rg8# 1-0

[Event "4NCL Online Division 5"]
[Site "online"]
[Date "2022.01.25"]
[EventDate "2022.01.25"]
[Round "1.104"]
[White "Franklin, Tony"]
[WhiteElo "1274"]
[WhiteTeam "Farnham C"]
[Black "Jayakumar, Bharath"]
[BlackElo "1478"]
[BlackTeam "Harrow Juniors 1"]
[Result "0-1"]
[PlyCount "98"]

1. c4 e5 2. Nc3 Nf6 3. d3 Be7 4. Nf3 Nc6 5. e4 d6 6. h3 b6 7. Be3 Bb7 8. Nd5 Nxd5 9. cxd5 Nb8 10. Nd2 Nd7 11. d4 Nf6 12. Bd3 Rc8 13. O-O O-O 14. f4 exd4 15. Bxd4 c5 16. Bc3 a6 17. a3 b5 18. b3 b4 19. Bb2 bxa3 20. Rxa3 Qb6 21. Kh2 Rfe8 22. Nc4 Qc7 23. Qd2 Nh5 24. f5 Bh4 25. Rf3 Qe7 26. g3 Bg5 27. Qf2 Nf6 28. e5 dxe5 29. d6 Qd8 30. h4 Ng4+ 31. Kh3 Nxf2+ 32. Rxf2 Bf6 33. Bc2 Ra8 34. Ra5 e4 35. Bxf6 Qxf6 36. Rxc5 Qd4 37. d7 Red8 38. Rc7 Qxf2 39. Rxb7 Qxf5+ 40. g4 Qf3+ 41. Kh2 e3 42. Ne5 Qxb7 43. Kg1 Qc7 44. Nc4 Qg3+ 45. Kh1 Qxh4+ 46. Kg1 e2 47. Ne3 e1=R+ 48. Nf1 Qg3+ 49. Kh1 Rxf1# 0-1

[Event "4NCL Online Division 5"]
[Site "online"]
[Date "2022.01.25"]
[EventDate "2022.01.25"]
[Round "1.111"]
[White "Patel, Aashna"]
[WhiteElo "1081"]
[WhiteTeam "Watford Juniors B"]
[Black "Parikh, Naavya"]
[BlackElo "1408"]
[BlackTeam "Harrow Juniors 2"]
[Result "0-1"]
[PlyCount "136"]

1. e4 e5 2. Nf3 Nc6 3. Bc4 Nf6 4. d3 h6 5. Nc3 Bc5 6. Be3 Bb6 7. d4 exd4 8. Nxd4 Nxd4 9. Bxd4 d6 10. Be3 Ba5 11. Bd2 Bxc3 12. Bxc3 O-O 13. O-O Nxe4 14. Bd4 d5 15. Bd3 Qg5 16. f4 Qh4 17. Bxe4 dxe4 18. Bf2 Qf6 19. Bd4 Qe6 20. f5 Qd5 21. Rf4 Bxf5 22. c3 Bg6 23. Qg4 Qh5 24. Qxh5 Bxh5 25. Re1 Bg6 26. Rg4 Kh7 27. Be5 c6 28. Bd6 Rfd8 29. Be7 Rd7 30. Bh4 Re8 31. Bf2 Rd2 32. Bxa7 Rxb2 33. a4 Rc2 34. Bd4 Ra2 35. Rb1 Re7 36. Bc5 Rd7 37. Rg3 Rxa4 38. Re3 Rd3 39. Rxd3 exd3 40. Rd1 Ra2 41. c4 d2 42. Be3 Bd3 43. Bxd2 Bxc4 44. Bc3 Be2 45. Rd7 Bh5 46. Rxb7 Rc2 47. Bd4 c5 48. Rc7 c4 49. Be5 Bg6 50. Kf1 Bd3+ 51. Ke1 Rxg2 52. Rxf7 Re2+ 53. Kd1 Rxe5 54. Rc7 Re2 55. Rc5 Rc2 56. Rd5 Be4 57. Rd4 Bg6 58. Rd6 c3 59. Ke1 Rxh2 60. Kf1 c2 61. Rc6 Rd2 62. Ke1 Rh2 63. Kf1 Rh1+ 64. Kg2 Be4+ 65. Kf2 Bxc6 66. Kg3 c1=Q 67. Kg4 Rg1+ 68. Kh5 Qg5# 0-1

[Event "4NCL Online Division 5"]
[Site "online"]
[Date "2022.01.25"]
[EventDate "2022.01.25"]
[Round "1.112"]
[White "Laza, Andrei"]
[WhiteElo "1293"]
[WhiteTeam "Harrow Juniors 2"]
[Black "Holland, Nicolas"]
[BlackElo "947"]
[BlackTeam "Watford Juniors B"]
[Result "1-0"]
[PlyCount "27"]

1. b3 e6 2. Bb2 d5 3. e3 c5 4. Nf3 Nc6 5. Bb5 Nf6 6. Ne5 Qc7 7. Nxc6 bxc6 8. Be2 Bd6 9. d3 e5 10. Nd2 O-O 11. O-O Bg4 12. Bxg4 Nxg4 13. Qxg4 e4 14. Qxg7# 1-0

[Event "4NCL Online Division 5"]
[Site "online"]
[Date "2022.01.25"]
[EventDate "2022.01.25"]
[Round "1.113"]
[White "Sriram, Gautam"]
[WhiteElo "759"]
[WhiteTeam "Watford Juniors B"]
[Black "Sivanandan, Bodhana"]
[BlackElo "1335"]
[BlackTeam "Harrow Juniors 2"]
[Result "0-1"]
[PlyCount "100"]

1. e4 e5 2. Nf3 Nc6 3. Nc3 Bc5 4. g3 Nf6 5. d3 h6 6. Bg2 d6 7. h3 Be6 8. O-O O-O 9. Qe2 Re8 10. Be3 Bb6 11. Rad1 d5 12. exd5 Bxd5 13. Nxd5 Nxd5 14. Bxb6 Nxb6 15. Qd2 Rb8 16. Rfe1 Qd6 17. c3 Rbd8 18. d4 exd4 19. Rxe8+ Rxe8 20. Nxd4 Nxd4 21. Qxd4 Qxd4 22. Rxd4 c6 23. Re4 Rxe4 24. Bxe4 Na4 25. Kf1 Nxb2 26. Ke2 Kf8 27. Kd2 Ke7 28. Bc2 a5 29. a4 Nc4+ 30. Kd3 Ne5+ 31. Kd4 Kd6 32. f4 Nd7 33. Kc4 Nb6+ 34. Kb3 Kc5 35. Ka3 f6 36. Kb3 Nd5 37. Bf5 b5 38. axb5 cxb5 39. Bd3 Nb6 40. Ka3 Nc4+ 41. Bxc4 Kxc4 42. Kb2 a4 43. Kc2 a3 44. Kb1 Kxc3 45. Ka2 b4 46. Ka1 Kc2 47. Ka2 b3+ 48. Kxa3 b2 49. Ka2 b1=Q+ 50. Ka3 Qb3# 0-1

[Event "4NCL Online Division 5"]
[Site "online"]
[Date "2022.01.25"]
[EventDate "2022.01.25"]
[Round "1.114"]
[White "Laddhad, Laksh"]
[WhiteElo "1300"]
[WhiteTeam "Harrow Juniors 2"]
[Black "Balakrishnan, Akshata"]
[BlackElo "704"]
[BlackTeam "Watford Juniors B"]
[Result "1-0"]
[PlyCount "43"]

1. e4 e5 2. Nf3 Nc6 3. d4 exd4 4. Bc4 Nf6 5. e5 Ng4 6. Nxd4 Ncxe5 7. Bb3 Bc5 8. O-O O-O 9. c3 d6 10. Nd2 Nf6 11. N2f3 Bg4 12. h3 Bh5 13. Bg5 Bxd4 14. cxd4 Nxf3+ 15. gxf3 h6 16. Bh4 Qe7 17. Re1 Qd7 18. Bxf6 gxf6 19. Kh2 Rfe8 20. Rg1+ Kh8 21. Qd2 Bxf3 22. Qxh6# 1-0

[Event "4NCL Online Division 5"]
[Site "online"]
[Date "2022.01.25"]
[EventDate "2022.01.25"]
[Round "1.121"]
[White "Evans, Joseph"]
[WhiteElo "1151"]
[WhiteTeam "Harrow Juniors 3"]
[Black "Kariyawasam, Alexander"]
[BlackElo "1149"]
[BlackTeam "Colchester JFF C"]
[Result "0-1"]
[PlyCount "124"]

1. c4 e5 2. g3 g6 3. Bg2 Bg7 4. e3 Nf6 5. Ne2 O-O 6. Nbc3 Nc6 7. d4 exd4 8. exd4 Re8 9. O-O b6 10. Re1 Re7 11. d5 Nb4 12. a3 Na6 13. Bg5 Bb7 14. d6 cxd6 15. Bxb7 Qc7 16. Bxa8 Qxc4 17. Bd5 Qc5 18. Qd4 Qxd4 19. Nxd4 Rxe1+ 20. Rxe1 Kf8 21. Bxf6 Bxf6 22. Ndb5 Nc5 23. Nxd6 Nd3 24. Re8+ Kg7 25. Nce4 Nxb2 26. Bxf7 Bd4 27. Rg8+ Kh6 28. h4 Nd3 29. Kh2 Ne5 30. Kh3 Kh5 31. g4+ Nxg4 32. Rh8 Bxh8 33. Be8 Bg7 34. Bxd7 Bf8 35. Bxg4+ Kh6 36. f4 Kg7 37. h5 gxh5 38. Bxh5 a5 39. f5 b5 40. Nxb5 a4 41. Nbd6 Kh6 42. Be8 Kg7 43. f6+ Kh6 44. Kg4 Bxd6 45. f7 Bf8 46. Nf6 Bxa3 47. Kf5 Kg7 48. Ke6 Bc5 49. Kd5 a3 50. Kxc5 a2 51. Nh5+ Kf8 52. Nf6 a1=Q 53. Nxh7+ Kg7 54. f8=Q+ Kxh7 55. Qf5+ Kg7 56. Qg6+ Kh8 57. Qh6+ Kg8 58. Qg5+ Qg7 59. Qd5+ Kh7 60. Qd3+ Kh8 61. Qh3+ Qh7 62. Bg6 Qxh3 0-1

[Event "4NCL Online Division 5"]
[Site "online"]
[Date "2022.01.25"]
[EventDate "2022.01.25"]
[Round "1.122"]
[White "Salkauskas, Deimantas"]
[WhiteElo "1095"]
[WhiteTeam "Colchester JFF C"]
[Black "Horwood, Alexander"]
[BlackElo "937"]
[BlackTeam "Harrow Juniors 3"]
[Result "1-0"]
[PlyCount "50"]

1. e4 c5 2. Nf3 d6 3. d4 cxd4 4. Nxd4 Nf6 5. Nc3 g6 6. Bb5+ Bd7 7. Bg5 Bg7 8. O-O O-O 9. Bxd7 Nbxd7 10. Re1 Rc8 11. Ncb5 a6 12. Nc3 b5 13. a4 b4 14. Nd5 e6 15. Nxb4 Qb6 16. c3 a5 17. Nd3 h6 18. Be3 Ng4 19. Qxg4 f5 20. Qxg6 fxe4 21. Qxe6+ Rf7 22. Qxe4 Rcf8 23. Ne6 Qb3 24. Nxf8 Nxf8 25. Bd4 Bxd4 1-0

[Event "4NCL Online Division 5"]
[Site "online"]
[Date "2022.01.25"]
[EventDate "2022.01.25"]
[Round "1.123"]
[White "Wang, Xiling"]
[WhiteElo "915"]
[WhiteTeam "Harrow Juniors 3"]
[Black "Ross, Drummer"]
[BlackElo "1000"]
[BlackTeam "Colchester JFF C"]
[Result "0-1"]
[PlyCount "58"]

1. e4 e5 2. Nf3 Nc6 3. Bc4 Nf6 4. Ng5 d5 5. Bxd5 Nxd5 6. exd5 Qxg5 7. dxc6 Qxg2 8. cxb7 Qxh1+ 9. Ke2 Qxb7 10. d4 Bd6 11. dxe5 Bxe5 12. Qd3 O-O 13. Be3 Qxb2 14. Qe4 Qxa1 15. Qxa8 Ba6+ 16. Kf3 Rxa8 17. Nd2 Qxa2 18. Ke4 Re8 19. Bxa7 Bc3+ 20. Kf3 Bb7+ 21. Kg3 Qxa7 22. Nc4 Qc5 23. Ne3 Be5+ 24. Kg4 Bc8+ 25. Kf3 Qc6+ 26. Ke2 Ba6+ 27. Kd2 Qc3+ 28. Kd1 Rd8+ 29. Kc1 Qa1# 0-1